|
|
|
|
| LEADER |
00000nam0a2200000 4500 |
| 001 |
321873 |
| 005 |
20231102003423.0 |
| 035 |
|
|
|a (RuTPU)RU\TPU\book\347429
|
| 090 |
|
|
|a 321873
|
| 100 |
|
|
|a 20160908d1885 km y0rusy50 ca
|
| 101 |
0 |
|
|a rus
|
| 102 |
|
|
|a RU
|
| 105 |
|
|
|a f z 000zy
|
| 200 |
1 |
|
|a Литературный сборник. Собрание научных и литературных статей о Сибири и Азиатском Востоке
|f под ред. Н. М. Ядринцева
|
| 210 |
|
|
|a Санкт-Петербург
|c Издание редакции "Восточного Обозрения"
|c Типография И. Н. Скороходова
|d 1885
|
| 215 |
|
|
|a VIII, 494, [2] с., [2] вкл. л.
|c ил.
|
| 300 |
|
|
|a Текст в русской дореформенной орфографии
|
| 316 |
|
|
|5 63413507: М-132289
|a На форзаце штамп-экслибрис Иннокентия Николаевича Бутакова, на титульном листе - Николая Андреевича Бутакова, на корешке тиснением: "78"
|
| 317 |
|
|
|5 63413507: М-132289
|a Поступила в НТБ в 1970 г. в составе книжного собрания профессора ТПИ И. Н. Бутакова
|
| 606 |
1 |
|
|a Сибирь
|x История
|2 stltpush
|3 (RuTPU)RU\TPU\subj\67153
|9 83036
|
| 610 |
1 |
|
|a Алтай
|
| 610 |
1 |
|
|a география
|
| 610 |
1 |
|
|a этнография
|
| 610 |
1 |
|
|a Китай
|
| 610 |
1 |
|
|a прииски
|
| 610 |
1 |
|
|a литература
|
| 610 |
1 |
|
|a печать
|
| 610 |
1 |
|
|a культура
|
| 610 |
1 |
|
|a буддизм
|
| 610 |
1 |
|
|a народности
|
| 610 |
1 |
|
|a владельческие знаки
|
| 610 |
1 |
|
|a библиотека И. Н. Бутакова
|
| 686 |
|
|
|a Т3(253)
|v LBC/SL-A
|2 rubbk
|
| 702 |
|
1 |
|a Ядринцев
|b Н. М.
|c российский публицист
|c общественный деятель
|f 1842-1894
|g Николай Михайлович
|2 stltpush
|3 (RuTPU)RU\TPU\pers\11511
|4 340
|9 2705
|
| 801 |
|
1 |
|a RU
|b 63413507
|c 20160908
|
| 801 |
|
2 |
|a RU
|b 63413507
|c 20190725
|g RCR
|
| 942 |
|
|
|c BK
|